| 000 | 00434nam a2200181Ia 4500 | ||
|---|---|---|---|
| 008 | 131103s9999 xx 000 0 und d | ||
| 020 | _a99422271 | ||
| 040 | _aLoreto College | ||
| 041 | _aEnglish | ||
| 082 |
_aF/RUS _bLCLIB/42554 |
||
| 100 | _aRusso, Richard | ||
| 245 |
_aEmpire falls _cRichard Russo |
||
| 260 |
_aLondon _bVintage _c2002 |
||
| 300 | _a483p, 19.5 cm. | ||
| 650 | _aFiction | ||
| 850 | _aLCLIB | ||
| 942 | _cBK | ||
| 999 |
_c14945 _d65424 |
||